Rethinking Sustainability Towards a Regenerative Economy (Record no. 17527)

MARC details
000 -LEADER
fixed length control field 01006nam a2200121Ia 4500
008 - FIXED-LENGTH DATA ELEMENTS--GENERAL INFORMATION
fixed length control field 220615s9999||||xx |||||||||||||| ||und||
245 #0 - TITLE STATEMENT
Title Rethinking Sustainability Towards a Regenerative Economy
546 ## - LANGUAGE NOTE
Language note English[eng]
650 ## - SUBJECT ADDED ENTRY--TOPICAL TERM
Topical term or geographic name entry element Urban Ecology||Environment, general||Sustainable Architecture/Green Buildings||Environmental Sciences||Biophilic Design||Built Environment||Climate Change||Evidence-based Design||Green Roofs||Green Economy||Open Access||Regenerative Design||SDG 11||Sustainable Architecture||Sustainability||Sustainable Cities and Communities||Urban Climate||Ecological science, the Biosphere||Urban & municipal planning||The environment||Environmentally-friendly (‘green’) architecture & design
700 ## - ADDED ENTRY--PERSONAL NAME
Personal name Andreucci, Maria Beatrice||Marvuglia, Antonino||Baltov, Milen||Hansen, Preben
856 ## - ELECTRONIC LOCATION AND ACCESS
Uniform Resource Identifier <a href="https://library.oapen.org/bitstream/20.500.12657/50031/1/978-3-030-71819-0.pdf||https://library.oapen.org/bitstream/20.500.12657/50031/1/978-3-030-71819-0.pdf">https://library.oapen.org/bitstream/20.500.12657/50031/1/978-3-030-71819-0.pdf||https://library.oapen.org/bitstream/20.500.12657/50031/1/978-3-030-71819-0.pdf</a>
942 ## - ADDED ENTRY ELEMENTS (KOHA)
Koha item type E-Books
Holdings
Withdrawn status Lost status Damaged status Not for loan Home library Current library Date acquired Total Checkouts Date last seen Price effective from Koha item type
        Kerala University of Digital Sciences, Innovation and Technology Knowledge Centre Kerala University of Digital Sciences, Innovation and Technology Knowledge Centre 15/06/2022   15/06/2022 15/06/2022 E-Books